Największe pustynie świata z mapą - Statystyki

Ogólne statystyki
  • Ten quiz został rozwiązany 4 756 razy
    4 755 od ostatniego zresetowania
  • Średni wynik to 4 z 10
Odpowiedzi na mapie
Odpowiedzi zakodowano w zielono-czerwonej skali na mapie do tego quizu, zgodnie z poniższymi procentami.
 
Statystyki odpowiedzi
Pow. w km2 Pustynia % Poprawnych
9,200,000 Sahara
99%
14,200,000 Antarktyczna
79%
1,295,000 Gobi
77%
2,330,000 Arabska
54%
900,000 Kalahari
39%
673,000 Patagońska
19%
500,000 Syryjska
18%
350,000 Wielka Pustynia Wiktorii
15%
453,000 Chihuahua
8%
492,000 Wielka Kotlina
6%
Nie znaleziono quizów pasujących do podanych kryteriów
Rozkład punktacji
Procent ludzi z każdym wynikiem
Percentyl według liczby udzielonych odpowiedzi
Twoja historia wyników
Nie rozwiązałeś tego quizu od ostatniego zresetowania